| 000 | 01251nam a2200373 a 4500 | ||
|---|---|---|---|
| 001 | 000003453 | ||
| 003 | DO-SdBNP | ||
| 005 | 20250211081807.0 | ||
| 007 | ta | ||
| 008 | 090709s2009 dr r 001 0 spa d | ||
| 040 |
_aDO-SdBNP _bspa _cBNPHU _erda |
||
| 041 | _aspa | ||
| 082 | 4 |
_aRD863.44 _bG216s 2009 _222 |
|
| 100 | 1 |
_aGarcía Romero, Rafael, _d1957- _eautor _4aut. _91671 |
|
| 245 | 1 | 3 |
_aLa sórdida telaraña de la mansedumbre : _bcuentos / _cRafael García Romero. |
| 250 | _aCuarta edición | ||
| 264 | 4 |
_aSanto Domingo : _bCEDIBIL. _c©2009. |
|
| 300 |
_a233 páginas ; _c22 cm. |
||
| 336 |
_atexto _btxt _2rdacontent |
||
| 337 |
_asin mediación _bn _2rdamedia |
||
| 338 |
_avolumen _bnc _2rdacarrier |
||
| 490 | 1 |
_aEdiciones CEDIBIL _v30 |
|
| 490 | 1 |
_aCalímaco _v26 |
|
| 490 | 1 |
_aNarrativa _v7 |
|
| 500 | _aIncluye datos biográficos del autor en la solapa de la cubierta | ||
| 590 | _aInventariado, 2020/BT | ||
| 650 | 4 |
_aCuentos dominicanos _9176 |
|
| 650 | 4 |
_aLiteratura dominicana. _967 |
|
| 710 | 2 |
_aCentro Dominicano de Investigaciones Bibliográficas _91224 |
|
| 830 | 0 |
_aEdiciones CEDIBIL _n30 _910764 |
|
| 830 | 0 |
_aCalímaco _v26 _pNarrativo _n7 _910765 |
|
| 910 | _aValidado. Control de calidad. MMOLINA | ||
| 942 |
_2ddc _cLBS1 |
||
| 999 |
_c3283 _d3283 |
||